| 000 | 00992nam a22002771i 4500 | ||
|---|---|---|---|
| 001 | 126332 | ||
| 003 | ES-SlBCS | ||
| 005 | 20210327224308.0 | ||
| 008 | 201027s1980 sp spa | ||
| 017 |
_aB 20059-1980 _bOficina Depósito Legal Barcelona |
||
| 020 | _a8485298373 | ||
| 040 |
_aSpMaBN _bspa _cA2 _dES-SlBCS |
||
| 041 | 1 |
_aspa _hita |
|
| 080 | _a7.034(023) | ||
| 100 | 1 |
_aConti, Flavio _932389 |
|
| 240 | 1 | 0 |
_aCome riconoscere l'arte rinascimentale _lEspañol |
| 245 | 1 | 0 |
_aCómo reconocer el arte del Renacimiento _cautor, Flavio Conti; edición española dirigida por José Milicua ; [traducción del italiano, Elena de Grau Aznar] |
| 260 |
_aBarcelona : _bEdit. Médica y Técnica, _cD.L. 1980 |
||
| 300 |
_a63 p. : _bprincipalmente il. neg. y col. ; _c20 cm |
||
| 490 | 0 | _a"Cómo reconocer el arte" | |
| 500 | _aÍndice | ||
| 650 | 0 |
_aArte Renacentista _987766 |
|
| 700 | 1 | 1 |
_aMilicua, José _d1921-2013 _9119783 |
| 700 | 1 | 1 |
_aGrau, Elena de _9119784 |
| 942 |
_2lcc _cBK |
||
| 999 |
_c487901 _d487901 |
||